[Event "Reykjavik Open2015"]
[Site "Harpa"]
[Date "2015.03.11"]
[Round "2.18"]
[White "Wege, Jochen"]
[Black "Gretarsson, Hjorvar Steinn"]
[Result "0-1"]
[WhiteElo "2277"]
[BlackElo "2554"]
[PlyCount "66"]
[EventDate "2015.??.??"]
[TimeControl "6000+1005"]
[WhiteClock "0:24:32"]
[BlackClock "0:08:55"]

1. e4 e5 2. f4 exf4 3. Nf3 d5 4. exd5 Nf6 5. Bb5+ Bd7 6. Bc4 Bg4 7. Nc3 Bd6 8.
Qe2+ Qe7 9. Qxe7+ Kxe7 10. O-O Nbd7 11. d4 Rhe8 12. Bb3 a6 13. h3 Bxf3 14. Rxf3
g5 15. g3 Nh5 16. Ne4 Rg8 17. g4 Nhf6 18. Nxd6 cxd6 19. Bd2 Rge8 20. c4 b5 21.
Rc1 bxc4 22. Rxc4 Nxd5 23. Rc6 N7f6 24. Bc4 Rec8 25. Rxa6 Rxa6 26. Bxa6 Rc2 27.
Bc3 Nxc3 28. Rxc3 Rxb2 29. Rc7+ Ke6 30. Bd3 Kd5 31. Rxf7 Kxd4 32. Rxf6 Kxd3 33.
Rxd6+ Ke3 0-1

[Event "Reykjavik Open2015"]
[Site "Harpa"]
[Date "2015.03.11"]
[Round "2.19"]
[White "Le Roux, Jean-Pierre"]
[Black "Wahedi, Ahmad Siar"]
[Result "1/2-1/2"]
[WhiteElo "2548"]
[BlackElo "2287"]
[PlyCount "110"]
[EventDate "2015.??.??"]
[TimeControl "6000+14565"]
[WhiteClock "0:02:51"]
[BlackClock "0:38:50"]

1. d4 d5 2. Nf3 Nf6 3. c4 c6 4. Nbd2 Bf5 5. Nh4 Be6 6. e3 g6 7. Be2 Bg7 8. O-O
O-O 9. Nhf3 h6 10. b3 c5 11. Bb2 Nbd7 12. dxc5 Nxc5 13. b4 Na6 14. a3 dxc4 15.
Nxc4 Rc8 16. Rc1 Nb8 17. Nd4 Bd5 18. Nb5 Nc6 19. Nbd6 Bxc4 20. Nxc4 b5 21. Nd2
Qb6 22. Rc5 a6 23. Qa1 Rcd8 24. Nb3 Rd6 25. Bf3 Rfd8 26. Qc1 Nb8 27. Be5 Ne8
28. Bxd6 Nxd6 29. Na5 Bf6 30. Rd1 Kg7 31. g3 h5 32. h4 Nd7 33. Rc6 Qb8 34. Rxa6
Ne5 35. Bg2 Rc8 36. Qb1 Rc3 37. Rc1 Qc8 38. Rxc3 Qxc3 39. Nb3 Ndc4 40. Nd4 Nxe3
41. Nxb5 Qd2 42. Rxf6 exf6 43. fxe3 Ng4 44. Kh1 Qxe3 45. Nd4 Qxd4 46. Qe1 f5
47. Bf3 Ne5 48. Kg2 Nd3 49. Qe2 f4 50. Be4 Nc1 51. Qf3 fxg3 52. Kxg3 Qg1+ 53.
Kh3 Qe1 54. Bd5 f6 55. Qg3 Qf1+ 1/2-1/2

[Event "Reykjavik Open2015"]
[Site "Harpa"]
[Date "2015.03.11"]
[Round "2.20"]
[White "Karason, Askell O"]
[Black "Stopa, Jacek"]
[Result "0-1"]
[WhiteElo "2274"]
[BlackElo "2544"]
[PlyCount "60"]
[EventDate "2015.??.??"]
[TimeControl "6000+830"]
[WhiteClock "0:29:49"]
[BlackClock "0:49:06"]

1. Nf3 d6 2. d4 f5 3. g3 g6 4. Bg2 Bg7 5. O-O Nf6 6. c3 O-O 7. Qb3+ e6 8. Ng5
d5 9. c4 Nc6 10. cxd5 Nxd4 11. Qc4 Nxd5 12. Nc3 Nb6 13. Qc5 Qd6 14. Qxd6 cxd6
15. e3 Nc2 16. Rb1 h6 17. Nh3 g5 18. Nb5 d5 19. Bd2 Nc4 20. Bc3 Bd7 21. Nc7
Rac8 22. Nxd5 exd5 23. Bxd5+ Kh7 24. Bxg7 Kxg7 25. Rbc1 Nxb2 26. Rb1 Nb4 27.
Bxb7 Rc2 28. Rfc1 Rxc1+ 29. Rxc1 f4 30. a3 Bxh3 0-1

[Event "Reykjavik Open2015"]
[Site "Harpa"]
[Date "2015.03.11"]
[Round "2.21"]
[White "Brunello, Sabino"]
[Black "Wahlbom, Magnus"]
[Result "1-0"]
[WhiteElo "2540"]
[BlackElo "2278"]
[PlyCount "95"]
[EventDate "2015.??.??"]
[TimeControl "6000+1055"]
[WhiteClock "0:34:36"]
[BlackClock "0:27:30"]

1. d4 Nf6 2. c4 g6 3. Nc3 d5 4. Nf3 Bg7 5. Qb3 dxc4 6. Qxc4 O-O 7. e4 a6 8. Be2
b5 9. Qb3 Bb7 10. e5 Nd5 11. O-O Nxc3 12. Qxc3 Nc6 13. Rd1 f6 14. Qb3+ Kh8 15.
a4 b4 16. Be3 Rb8 17. a5 fxe5 18. dxe5 Qe8 19. e6 Rf5 20. Ng5 Nd4 21. Nf7+ Rxf7
22. Rxd4 Qc6 23. Bf1 Bxd4 24. Bxd4+ Rf6 25. Bxf6+ exf6 26. Re1 Re8 27. Qxb4 Bc8
28. Qf4 Kg7 29. Rc1 Qxe6 30. Qxc7+ Kh6 31. h4 Bd7 32. Rd1 Bc8 33. Qf4+ Kg7 34.
Rd6 Qe5 35. Qxe5 Rxe5 36. Bxa6 Bxa6 37. Rxa6 Rb5 38. Ra7+ Kh6 39. a6 Rxb2 40.
Rf7 f5 41. a7 Ra2 42. Kf1 g5 43. hxg5+ Kg6 44. Rc7 Kxg5 45. Rxh7 Kf4 46. Re7
Kg5 47. Ke1 Kf6 48. Rh7 1-0

[Event "Reykjavik Open2015"]
[Site "Harpa"]
[Date "2015.03.11"]
[Round "2.22"]
[White "Kristinsson, Jon"]
[Black "Gao, Rui"]
[Result "0-1"]
[WhiteElo "2251"]
[BlackElo "2533"]
[PlyCount "44"]
[EventDate "2015.??.??"]

1. d4 Nf6 2. c4 g6 3. Nc3 d5 4. Nf3 Bg7 5. Bg5 dxc4 6. e3 Be6 7. Ne5 Nd5 8.
Nxc4 c5 9. Rc1 cxd4 10. exd4 Nc6 11. Be3 Rc8 12. Be2 Nxe3 13. fxe3 O-O 14. b3
Bxc4 15. bxc4 Bh6 16. Kf2 e5 17. dxe5 Qg5 18. Nd5 Nxe5 19. Qd4 Qf5+ 20. Kg3 Qe6
21. Rhf1 Bg7 22. Qf4 Nd3 0-1